| 000 | 01097cam a22003497a 4500 | ||
|---|---|---|---|
| 001 | 115123 | ||
| 005 | 20230410115509.0 | ||
| 008 | 100901s2010 fr b b 001 0 fre d | ||
| 035 | _a16536830 | ||
| 010 | _a 2010553590 | ||
| 020 | _a9782707158185 | ||
| 020 | _a2707158186 | ||
| 035 | _a(OCoLC)ocn662577039 | ||
| 040 |
_aTZT _cTZT _dAUXAM _dINU _dDLC |
||
| 042 | _alccopycat | ||
| 043 | _af-ae--- | ||
| 050 | 1 | 4 |
_aHD 9577 _bM261h 2010 |
| 082 | 0 | 4 | _a338.27280965 |
| 100 | 1 | _aMalti, Hocine. | |
| 245 | 1 | 0 |
_aHistoire secrète du pétrole algérien / _cHocine Malti. |
| 260 |
_aParis : _bDécouverte, _cc2010. |
||
| 300 |
_a358 p. : _bmap ; _c24 cm. |
||
| 504 | _aIncludes bibliographical references and index. | ||
| 650 | 0 |
_aPetroleum industry and trade _xPolitical aspects _zAlgeria. |
|
| 650 | 0 |
_aPetroleum industry and trade _zAlgeria _xHistory. |
|
| 650 | 4 |
_aIndustria del petróleo _zArgelia. |
|
| 650 | 4 |
_aIndustria del petróleo _zArgelia _xHistoria. |
|
| 651 | 0 |
_aAlgeria _xPolitics and government. |
|
| 923 |
_d20101026 _nB00111401 _sFrPJT |
||
| 942 |
_2lcc _cbk |
||
| 946 | _aPP | ||
| 999 |
_c42377 _d42377 |
||